LEADER 01424nlm 2200289Ia 450 001 996436253403316 005 20210913094036.0 010 $a9780520261051 100 $a20100422d2010---- uy 0 101 0 $aeng 102 $aUS 135 $adrcnu 200 1 $aCapturing sound$ehow technology has changed music$fMark Katz 205 $aRev. ed. 210 1 $aBerkeley$cUniversity of California Press$d2010 215 $aTesto elettronico (PDF) (XIV, 320 p.) 230 $aBase dati testuale 330 $aC'è di più nella registrazione del suono oltre alla semplice registrazione del suono. Lungi dall'essere semplicemente uno strumento per la conservazione della musica, la tecnologia è un catalizzatore. In questo testo pluripremiato, Mark Katz fornisce una storia ampia, profondamente informativa e costantemente divertente del profondo impatto della registrazione sulla vita musicale del secolo scorso, da Edison a Internet. Completamente rivista e aggiornata, questa nuova edizione aggiunge la copertura di mashup e Auto-Tune, esplora i recenti sviluppi nella condivisione di file e include una conclusione e una bibliografia ampliate. 606 0 $aMusica$xInnovazione tecnologia$2BNCF 676 $a781.49 700 1$aKATZ,$bMark$f1970-$0835473 801 0$bcba$aIT$bcba$gREICAT 912 $a996436253403316 959 $aEB 969 $aER 996 $aCapturing sound$91867395 997 $aUNISA LEADER 01078cam0 22002651 450 001 SOBE00083334 005 20250528132201.0 100 $a20250528d1952 |||||ita|0103 ba 101 $aita 102 $aIT 200 1 $aDizionario italiano-Inglese, inglese-italiano$evoci dell'uso corrente e familiare e della lingua classica, termini commerciali, scientifici, tecnici, americanismi, voci del greco$fGiuseppe Orlandi 205 $aNuova edizione riveduta ecorretta 210 $aMilano$cC. Signorelli$d1952$eTip. A. Saita 215 $aXIV, 2080 p.$d21 cm 500 10$aDizionario italiano-inglese; inglese-italiano$3SOBA00033947$9927225 700 1$aOrlandi$b, Giuseppe$3SOBA00004623$4070$03677 801 0$aIT$bUNISOB$c20250528$gRICA 850 $aUNISOB 852 $aUNISOB$j820$m4144 912 $aSOBE00083334 940 $aM 102 Monografia moderna SBN 941 $aM 957 $a820$b003021$gCON$d4144$racquisto$tD$1bethb$2UNISOB$3UNISOB$420250528131428.0$520250528132201.0$6bethb 996 $aDizionario italiano-inglese, inglese-italiano$9927225 997 $aUNISOB